00283nam a2200121Ia 45000030006000000080041000060400015000471000017000622450034000792600019001135460012001320050017001440STCL150530s9999 xx 000 0 und d aSTCLcSTCL aDodson, E.O. aEvolution:Process and product bReinholdc1962 aEnglish20220125170346.0